000 00527nam a22001697a 4500
003 0
005 20231106143637.0
008 230929b xxu||||| |||| 00| 0 eng d
050 _aBF 531
_b.R57 2022
100 _aRiparip, Diane Therese R
245 _aEmotional regulation and portrait values
_cRiparip, Diane Therese R
260 _aLas Pinas City
_bSouthville International School and Colleges
_cC2022
300 _ax,287pp.
_c28cm.
500 _aEmotions--psychological aspects.
501 _aCognition.
942 _2lcc
_cTH
999 _c365431
_d365431